000
00295nam a22001337a 4500
008
210426b ||||| |||| 000| 0 eng d
041
_a
eng
080
_a
82
082
_a
82
100
_a
20
101
_a
GJL
245
_a
Das Grosse Deutsche Balladen Buch
_c
Pinkerneil.B
942
_2
udc
_c
BK
999
_c
56738
_d
56738